Le Nant d'Avril (Registro nro. 19158)
[ vista simple ]
| 000 -CABECERA | |
|---|---|
| Campo de control | 01015nam a2200265 a 4500 |
| 005 - FECHA Y HORA DE LA ULTIMA TRANSACCION | |
| Campo de control | 20161128162143.0 |
| 008 - ELEMENTOS DE LONGITUD FIJA—INFORMACION GENERAL | |
| Campo de control | 161128s2006 sz ab||| |||| 00| 0 fre d |
| 040 ## - FUENTE DE CATALOGACIÓN | |
| Agencia catalogadora original | CO-BoIAVH |
| Agencia transcriptora | CO-BoIAVH |
| 041 0# - IDIOMA | |
| Código de idioma para texto/pista de sonido o título separado | Francés |
| 044 ## - PAÍS DE PUBLICACIÓN | |
| País de publicación | Suiza |
| 090 ## - CLASIFICACIÓN LOCAL | |
| Colección | FG- |
| Consecutivo | 0107 |
| 245 03 - MENCION DE TITULO | |
| Título | Le Nant d'Avril |
| 260 ## - PUBLICACION, DISTRIBUCION, ETC. (PIE DE IMPRENTA) | |
| Lugar de publicación, distribución, etc. | [Ginebra?], Suiza : |
| Nombre del editor, distribuidor, etc. | Etat de Genève, Departament du territoire (DT), Service de renaturation des cours d'eau, |
| Fecha de publicación, distribución, etc. | 2006. |
| 300 ## - DESCRIPCION FISICA | |
| Extensión | 55 páginas : |
| Otros detalles físicos | ilustraciones a color y mapas ; |
| Dimensiones | 10 x 15 cm. |
| 490 0# - MENCION DE SERIE | |
| Mención de serie | Fiche-rivière ; |
| Designación numérica/secuencial del volumen | n° 11 |
| 500 ## - NOTA GENERAL | |
| Nota general | Incluye glosario. |
| 650 26 - ASIENTO SECUNDARIO DE MATERIA - TERMINO TEMATICO | |
| Término temático o nombre geográfico como elemento de entrada | Cursos de agua |
| Subdivisión general | Hidrología |
| 9 (RLIN) | 77591 |
| 650 26 - ASIENTO SECUNDARIO DE MATERIA - TERMINO TEMATICO | |
| Término temático o nombre geográfico como elemento de entrada | Cursos de agua |
| Subdivisión de forma | Geología |
| 9 (RLIN) | 77592 |
| 650 26 - ASIENTO SECUNDARIO DE MATERIA - TERMINO TEMATICO | |
| Término temático o nombre geográfico como elemento de entrada | Cursos de agua |
| Subdivisión general | Historia |
| 9 (RLIN) | 77593 |
| 650 26 - ASIENTO SECUNDARIO DE MATERIA - TERMINO TEMATICO | |
| Término temático o nombre geográfico como elemento de entrada | Cursos de agua |
| Subdivisión general | Conservación de la naturaleza |
| 9 (RLIN) | 77594 |
| 650 26 - ASIENTO SECUNDARIO DE MATERIA - TERMINO TEMATICO | |
| Término temático o nombre geográfico como elemento de entrada | Turismo rural |
| 9 (RLIN) | 77454 |
| 651 10 - ASIENTO SECUNDARIO DE MATERIA - NOMBRE GEOGRAFICO | |
| 9 (RLIN) | 77595 |
| Nombre geográfico | Suiza |
| Subdivisión geográfica | Nant d'Avril (río) |
| 710 2# - ASIENTO SECUNDARIO - NOMBRE CORPORATIVO | |
| Nombre corporativo o de jurisdicción como elemento de entrada | Suiza |
| Unidad subordinada | Etat de Genève |
| -- | Departament du territoire (DT) |
| -- | Service de renaturation des cours d'eau |
| 9 (RLIN) | 77596 |
| 942 ## - ELEMENTOS ADICIONALES (KOHA) | |
| Sistema de clasificación | Local |
| Tipo de ítem | Folleto |
| Withdrawn status | Lost status | Sistema de Clasificación | Damaged status | No para préstamo | Colección | Inventariado | Ubicación Permanente | Ubicación actual | Fecha de adquisición | Total Checkouts | Número topográfico | Inventario / Código de Barras | Date last seen | Ejemplar | Price effective from | Forma de adquisición | Tipo de material |
|---|---|---|---|---|---|---|---|---|---|---|---|---|---|---|---|---|---|
| Local | Hemeroteca | Inventariado 2017 | Bogotá | Bogotá | 28/11/2016 | FG-0107 | 040847 | 28/11/2016 | Ej. 1 | 28/11/2016 | Donación | Folleto |